Datum a čas kvízu
32
Celkem bodů
Celkový počet nahraných bodů na tomto kvízu bez doplňovacích otázek.
2.
Pořadí na kvízu
Konečné umístění týmu na tomto kvízu.
Zaznamenané odpovědi
| # | Otázka | Odpověď | Body | Výsledky |
|---|---|---|---|---|
| 1. | Krajský soud v Praze začal v ú... | 1 | ||
| 2. | Policisté provedli v minulých... | 1 | ||
| 3. | Jistá zpěvačka minulý týden za... | 1 | ||
| 4. | Bývalá chlouba československéh... | 0 | ||
| 5. | Trenér Michal Bílek končí na l... | 1 | ||
| 6. | Zvíře jménem Mojžíš v Orwellov... | 0 | ||
| 7. | Kniha Volání divočiny se odehr... | 0 | ||
| 8. | Příběhy medvídka Pú pochází z... | 0 | ||
| 9. | O Knize džunglí jsme se v kvíz... | 0 | ||
| 10. | Lev, čarodějnice a skříň není... | 0 |